| 000 | 00554cam a2200169 a 4500 | ||
|---|---|---|---|
| 020 | _a078440223X (pbk.) | ||
| 082 | 0 | 0 |
_a624.253 _bBET |
| 100 | 1 |
_aBettigole, Neal H. _946600 |
|
| 245 | 1 | 0 |
_aBridge decks : _bdesign, construction, rehabilitation, replacement / _cNeal Bettigole, Rita Robison. |
| 260 |
_aNew York, N.Y. : _bASCE Press, _cc1997. |
||
| 300 |
_aviii, 118 p. : _bill. ; _c23 cm. |
||
| 526 |
_a0 _b0 _c0 _d624_253000000000000_BET |
||
| 650 | 0 |
_aBridges _xFloors. _921262 |
|
| 650 | 0 |
_aMCE _9379 |
|
| 700 | 1 |
_aRobison, Rita. _946601 |
|
| 942 |
_2ddc _cBK |
||
| 999 |
_c549902 _d549902 |
||